| 000 | 00522nam a2200193Ia 4500 | ||
|---|---|---|---|
| 003 | 0OSt | ||
| 005 | 20260119101327.0 | ||
| 008 | 240810s9999 xx 000 0 und d | ||
| 020 | _a0-86543-650-9 | ||
| 040 |
_aBiblioteca Geral-Universidade LusÃada de Angola _cBULA |
||
| 082 |
_m9(1) _a32(06) |
||
| 100 |
_aOYEBADE,Adebayo _9970 |
||
| 245 | 0 | _aAfrica After The Cold War | |
| 260 |
_aAfrica , _bAfrica world press _c1998. |
||
| 300 | _a228p | ||
| 650 | _aPolitica | ||
| 700 | _aAdebayo Oyebade | ||
| 942 |
_cLivros _2ddc |
||
| 999 |
_c593 _d593 |
||